AC Milan Legends - Statistics

General Stats
  • This quiz has been taken 878 times
  • The average score is 14 of 24
Answer Stats
Picture Answer % Correct
Kaká
97%
Zlatan Ibrahimović
97%
Paolo Maldini
96%
Ruud Gullit
93%
Gennaro Gattuso
88%
Dida
84%
Franco Baresi
83%
Andriy Shevchenko
82%
Marco van Basten
81%
Frank Rijkaard
77%
Filippo Inzaghi
73%
Marcel Desailly
71%
George Weah
69%
Carlo Ancelotti
60%
Alessandro Costacurta
42%
Zvonimir Boban
26%
Demetrio Albertini
25%
Gianni Rivera
25%
Roberto Donadoni
22%
Gunnar Nordahl
21%
Dejan Savićević
18%
Daniele Massaro
15%
Alberico Evani
8%
Giovanni Lodetti
4%
No matching quizzes found
Score Distribution
Percent of People with Each Score
Percentile by Number Answered
Your Score History
You have not taken this quiz